[Event "Fyli op 2nd"]
[Site "Fyli"]
[Date "2011.06.03"]
[Round "7"]
[White "Fessas, Prokopios"]
[Black "Gogos, Dimitrios"]
[Result "1-0"]
[WhiteElo "1924"]
[BlackElo "1855"]
[PlyCount "46"]
[EventDate "2011.04.15"]
[EventType "swiss"]
[EventRounds "7"]
[EventCountry "GRE"]
[SourceTitle "EXT 2013"]
[Source "ChessBase"]
[SourceDate "2012.11.22"]
[SourceVersion "1"]
[SourceVersionDate "2012.11.22"]
[SourceQuality "1"]

1. Nf3 d5 2. d4 Bf5 3. c4 e6 4. Qb3 Nd7 5. cxd5 Nb6 6. Qb5+ c6 7. dxc6 a6 8. Qb3 bxc6 9. Nc3 Nf6 10. Bg5 Be7 11. e3 0-0 12. Be2 Nfd5 13. Bxe7 Qxe7 14. e4 Nxc3 15. bxc3 Rfb8 16. exf5 Nd5 17. Qc2 Qa3 18. 0-0 Rb2 19. Qc1 Nxc3 20. Re1 Rab8 21. fxe6 Nxe2+ 22. Rxe2 Qd3 23. exf7+ Kf8 1-0

[Event "Fyli op 2nd"]
[Site "Fyli"]
[Date "2011.05.27"]
[Round "6"]
[White "Gogos, Dimitrios"]
[Black "Gougis, Antonios"]
[Result "1-0"]
[WhiteElo "1855"]
[BlackElo "1690"]
[PlyCount "89"]
[EventDate "2011.04.15"]
[EventType "swiss"]
[EventRounds "7"]
[EventCountry "GRE"]
[SourceTitle "EXT 2013"]
[Source "ChessBase"]
[SourceDate "2012.11.22"]
[SourceVersion "1"]
[SourceVersionDate "2012.11.22"]
[SourceQuality "1"]

1. Nf3 Nf6 2. d4 g6 3. c4 Bg7 4. Nc3 0-0 5. e4 d6 6. Bf4 Nbd7 7. Be2 e5 8. dxe5 dxe5 9. Bg5 Nc5 10. Qc2 c6 11. Rd1 Qc7 12. 0-0 b6 13. Rd2 Bb7 14. Rfd1 Rad8 15. Rxd8 Rxd8 16. Rxd8+ Qxd8 17. Nxe5 Ne6 18. Qd2 Qxd2 19. Bxd2 Nxe4 20. Nxe4 Bxe5 21. Bc3 Nd4 22. Bxd4 Bxd4 23. Nd6 Ba6 24. b3 Kf8 25. Bf3 Ke7 26. Ne4 c5 27. Ng3 Kd6 28. Ne4+ Kc7 29. Ng5 Bb7 30. Bxb7 Kxb7 31. Nxf7 Kc7 32. Ng5 h6 33. Ne6+ Kd6 34. Nxd4 cxd4 35. Kf1 Kc5 36. a3 b5 37. cxb5 Kxb5 38. Ke2 Kc5 39. Kd3 Kd5 40. f4 h5 41. b4 h4 42. g4 hxg3 43. hxg3 Ke6 44. g4 Kd5 45. a4 1-0

[Event "Fyli op 2nd"]
[Site "Fyli"]
[Date "2011.05.13"]
[Round "4"]
[White "Gogos, Dimitrios"]
[Black "Tamvakos, Panagiotis"]
[Result "1-0"]
[WhiteElo "1855"]
[BlackElo "1616"]
[PlyCount "68"]
[EventDate "2011.04.15"]
[EventType "swiss"]
[EventRounds "7"]
[EventCountry "GRE"]
[SourceTitle "EXT 2013"]
[Source "ChessBase"]
[SourceDate "2012.11.22"]
[SourceVersion "1"]
[SourceVersionDate "2012.11.22"]
[SourceQuality "1"]

1. Nf3 e6 2. e4 d5 3. exd5 exd5 4. d4 Nf6 5. Nc3 Be7 6. Be2 c6 7. 0-0 0-0 8. Bf4 Bf5 9. Re1 Nbd7 10. Nh4 Be6 11. Bd3 Ne4 12. Nf3 Nxc3 13. bxc3 Nf6 14. Ng5 Bd7 15. Be5 g6 16. Qd2 Nh5 17. Nf3 Re8 18. h3 Bf8 19. c4 Ng7 20. c5 Nf5 21. Bf4 Nh4 22. Ne5 Be6 23. Bg5 Be7 24. Bxe7 Rxe7 25. Qg5 Nf5 26. c3 Ng7 27. Ng4 Ne8 28. Qe5 Ng7 29. Nf6+ Kh8 30. Re2 Qc7 31. Qg5 Nf5 32. Bxf5 Bxf5 33. Qh6 g5 34. Nh5 Rg8 1-0

[Event "Fyli op 2nd"]
[Site "Fyli"]
[Date "2011.04.29"]
[Round "2"]
[White "Gogos, Dimitrios"]
[Black "Diamandis, Georgios"]
[Result "0-1"]
[WhiteElo "1855"]
[BlackElo "1900"]
[PlyCount "78"]
[EventDate "2011.04.15"]
[EventType "swiss"]
[EventRounds "7"]
[EventCountry "GRE"]
[SourceTitle "EXT 2013"]
[Source "ChessBase"]
[SourceDate "2012.11.22"]
[SourceVersion "1"]
[SourceVersionDate "2012.11.22"]
[SourceQuality "1"]

1. Nf3 d6 2. e4 Bg4 3. d4 Nd7 4. Nc3 e5 5. Be2 Be7 6. Be3 c6 7. 0-0 f5 8. h3 Bxf3 9. Bxf3 f4 10. Bd2 Ngf6 11. Ne2 h5 12. dxe5 dxe5 13. Bc3 g5 14. Nc1 Qc7 15. Nd3 0-0-0 16. g3 Rdg8 17. gxf4 gxf4+ 18. Kh2 Bd6 19. Rg1 Rxg1 20. Kxg1 Qd8 21. Kf1 Qe7 22. a3 Qg7 23. Ke2 Qh7 24. Nxf4 Nxe4 25. Nxh5 Nxc3+ 26. bxc3 Kc7 27. Bg4 Qe4+ 28. Kd2 Nf6 29. Nxf6 Qf4+ 30. Ke1 Qxf6 31. Qf3 Qxf3 32. Bxf3 Rxh3 33. Ke2 Bc5 34. Rh1 Rxh1 35. Bxh1 Bxa3 36. Kd3 Bc5 37. Ke4 a5 38. f3 a4 39. c4 a3 0-1